[Event "EYb18, Budva YUG"]
[Site "?"]
[Date "2003.??.??"]
[Round "8"]
[White "Bartel, Mat"]
[Black "Jakymov, V."]
[Result "1-0"]
[WhiteElo "2450"]
[BlackElo "2360"]
[PlyCount "43"]
[EventDate "2003.??.??"]

1. e4 e6 2. d4 d5 3. Nc3 Nf6 4. Bg5 dxe4 5. Nxe4 Nbd7 6. Nxf6+ Nxf6 7. Nf3 Be7
8. Bd3 c5 9. dxc5 Qa5+ 10. c3 Qxc5 11. Qe2 O-O 12. O-O-O Nd7 13. h4 Rd8 14. Bc2
g6 15. Bxe7 Qxe7 16. h5 Qf6 17. hxg6 hxg6 18. Rd4 e5 19. Rdh4 Re8 20. Qe3 Nf8
21. Ng5 Be6 22. Ne4 1-0

[Event "EYb18, Budva YUG"]
[Site "?"]
[Date "2003.??.??"]
[Round "8"]
[White "Pakleza, Z."]
[Black "Smeets, J."]
[Result "1-0"]
[WhiteElo "2340"]
[BlackElo "2475"]
[PlyCount "67"]
[EventDate "2003.??.??"]

1. Nf3 e6 2. c4 b6 3. g3 Bb7 4. Bg2 Nf6 5. O-O d5 6. b3 Be7 7. Bb2 O-O 8. e3 c5
9. Nc3 dxc4 10. bxc4 Nc6 11. Qe2 Qc7 12. Nb5 Qd7 13. Rfd1 Rfd8 14. d4 cxd4 15.
exd4 a6 16. Nc3 Na5 17. d5 exd5 18. Nxd5 Nxd5 19. cxd5 Re8 20. Qd3 Rad8 21. Ne5
Qd6 22. Ng4 Qg6 23. Qxg6 hxg6 24. Bd4 Nc4 25. d6 Bxg2 26. dxe7 Rxe7 27. Nf6+
gxf6 28. Bxf6 Rxd1+ 29. Rxd1 Re8 30. Kxg2 b5 31. Rd4 g5 32. h4 Re2 33. Rd8+ Kh7
34. h5 1-0

[Event "EYb18, Budva YUG"]
[Site "?"]
[Date "2003.??.??"]
[Round "8"]
[White "Esen, B."]
[Black "Laznicka, V."]
[Result "1-0"]
[WhiteElo "2215"]
[BlackElo "2445"]
[PlyCount "35"]
[EventDate "2003.??.??"]

1. d4 Nf6 2. Nf3 e6 3. c4 d5 4. Nc3 Bb4 5. Qb3 c5 6. cxd5 exd5 7. dxc5 Nc6 8.
e3 Be6 9. Nd4 Bxc5 10. Nxe6 fxe6 11. Qxb7 Rc8 12. Qa6 Be7 13. Be2 h5 14. Qa4 h4
15. O-O g5 16. b3 Ng8 17. h3 Bf6 18. Bb2 1-0

[Event "EYb18, Budva YUG"]
[Site "?"]
[Date "2003.??.??"]
[Round "8"]
[White "Borisek, J."]
[Black "Woodward, T."]
[Result "1/2-1/2"]
[WhiteElo "2440"]
[BlackElo "2285"]
[PlyCount "59"]
[EventDate "2003.??.??"]

1. e4 c5 2. Nf3 d6 3. d4 cxd4 4. Nxd4 Nf6 5. Nc3 g6 6. Be3 Bg7 7. f3 O-O 8. Qd2
Nc6 9. Bc4 Bd7 10. O-O-O Rb8 11. h4 b5 12. Nxc6 Bxc6 13. Be2 b4 14. Nd5 Bxd5
15. exd5 Qc7 16. h5 b3 17. axb3 Rxb3 18. Bd4 Rfb8 19. c4 a5 20. hxg6 hxg6 21.
Rh4 a4 22. Rdh1 a3 23. Qh6 Bxh6+ 24. Rxh6 axb2+ 25. Kb1 g5 26. g4 Qa5 27. Rh8+
Kg7 28. R1h7+ Kg6 29. Rh6+ Kg7 30. R6h7+ 1/2-1/2

[Event "EYb18, Budva YUG"]
[Site "?"]
[Date "2003.??.??"]
[Round "8"]
[White "Barnaure, V."]
[Black "Gasthofer, A."]
[Result "0-1"]
[WhiteElo "2315"]
[BlackElo "2410"]
[PlyCount "116"]
[EventDate "2003.??.??"]

1. Nf3 d6 2. d4 Bg4 3. Nbd2 Nf6 4. h3 Bh5 5. b3 e5 6. dxe5 dxe5 7. e4 Bb4 8.
Bd3 Bc3 9. Rb1 Nc6 10. Bb2 Bxd2+ 11. Kxd2 Nxe4+ 12. Ke3 Bxf3 13. gxf3 Nd6 14.
Qg1 Qf6 15. Qg4 h5 16. Qa4 O-O 17. Rhg1 Nd4 18. Bxd4 exd4+ 19. Ke2 Rfe8+ 20.
Kf1 c5 21. Qa5 Re5 22. Re1 b6 23. Qd2 Rxe1+ 24. Qxe1 Re8 25. Qd2 Re5 26. Be2
Qh4 27. Rh1 g6 28. a4 Rf5 29. Rh2 Qf6 30. Rg2 Qe5 31. Qh6 Qf4 32. Qxf4 Rxf4 33.
Bd3 Kg7 34. Ke2 f5 35. Rg1 a5 36. Bc4 Kf6 37. Re1 Rh4 38. Kf1 Nxc4 39. bxc4 d3
40. cxd3 Rd4 41. Ke2 Rd6 42. Rg1 g5 43. Ke3 f4+ 44. Kd2 Re6 45. Rh1 Kf5 46. Rg1
Re5 47. Rh1 Kg6 48. Rb1 Re6 49. Rh1 g4 50. hxg4 hxg4 51. Rh4 gxf3 52. Rh2 Re2+
53. Kc3 Kf5 54. Rh5+ Kg4 55. Rh2 Rxf2 56. Rxf2 Kg3 57. Rb2 f2 58. Rb1 Kg2 0-1

[Event "EYb18, Budva YUG"]
[Site "?"]
[Date "2003.??.??"]
[Round "8"]
[White "Krivokapic, M."]
[Black "Gerzhoy, L."]
[Result "1/2-1/2"]
[WhiteElo "2310"]
[BlackElo "2410"]
[PlyCount "36"]
[EventDate "2003.??.??"]

1. e4 c5 2. Nf3 d6 3. d4 cxd4 4. Nxd4 Nf6 5. Nc3 Nc6 6. Be2 e5 7. Nb3 Be7 8.
Be3 O-O 9. f3 a5 10. O-O a4 11. Nd2 a3 12. b3 d5 13. Nxd5 Nxd5 14. exd5 Qxd5
15. Nc4 Qxd1 16. Raxd1 Nb4 17. Nb6 Bf5 18. c3 Nc2 1/2-1/2

[Event "EYb18, Budva YUG"]
[Site "?"]
[Date "2003.??.??"]
[Round "8"]
[White "Karakehajov, K."]
[Black "Semcesen, D."]
[Result "1-0"]
[WhiteElo "2330"]
[BlackElo "2230"]
[PlyCount "71"]
[EventDate "2003.??.??"]

1. e4 c5 2. Nf3 Nc6 3. d4 cxd4 4. Nxd4 Nf6 5. Nc3 e5 6. Ndb5 d6 7. Bg5 a6 8.
Na3 b5 9. Nd5 Qa5+ 10. Bd2 Qd8 11. Bg5 Qa5+ 12. Bd2 Qd8 13. c4 Nxe4 14. cxb5
Be6 15. Nc3 Nxd2 16. Qxd2 Nd4 17. bxa6 d5 18. Nab5 Nc6 19. Be2 d4 20. Bf3 Qb6
21. O-O Rxa6 22. Rac1 Bb4 23. Qe2 dxc3 24. Nc7+ Qxc7 25. Qxa6 Bd7 26. a3 Nb8
27. Qd3 Be7 28. Rxc3 Qa7 29. Rfc1 Bd8 30. Rb3 Be6 31. Rb7 Qa6 32. Bc6+ Qxc6 33.
Rxc6 Nxc6 34. Qd6 Ne7 35. Rb8 Nc8 36. Qc5 1-0

[Event "EYb18, Budva YUG"]
[Site "?"]
[Date "2003.??.??"]
[Round "8"]
[White "Nemeth, Mi"]
[Black "L'Ami, E."]
[Result "1/2-1/2"]
[WhiteElo "2285"]
[BlackElo "2435"]
[PlyCount "36"]
[EventDate "2003.??.??"]

1. e4 c5 2. Nf3 Nc6 3. d4 cxd4 4. Nxd4 Nf6 5. Nc3 e5 6. Ndb5 d6 7. Bg5 a6 8.
Bxf6 gxf6 9. Na3 b5 10. Nd5 f5 11. g3 fxe4 12. Bg2 Be6 13. Bxe4 Rc8 14. c3 Bg7
15. Qd3 Ne7 16. Nxe7 Qxe7 17. Nc2 O-O 18. Ne3 Kh8 1/2-1/2

[Event "EYb18, Budva YUG"]
[Site "?"]
[Date "2003.??.??"]
[Round "8"]
[White "Tronenkovs, V."]
[Black "Dimitrijevic, A."]
[Result "1-0"]
[WhiteElo "2215"]
[BlackElo "2380"]
[PlyCount "41"]
[EventDate "2003.??.??"]

1. e4 d5 2. exd5 Qxd5 3. Nc3 Qa5 4. d4 Nf6 5. Nf3 Bg4 6. h3 Bh5 7. g4 Bg6 8. b4
Qxb4 9. Bd2 Qd6 10. Rb1 c6 11. Rxb7 Nbd7 12. Bg2 h5 13. g5 Ne4 14. O-O e6 15.
Rxd7 Qxd7 16. Ne5 Qxd4 17. Nxg6 fxg6 18. Bxe4 O-O-O 19. Qe2 Kc7 20. Rd1 Bd6 21.
Nb5+ 1-0

[Event "EYb18, Budva YUG"]
[Site "?"]
[Date "2003.??.??"]
[Round "8"]
[White "Manescu, T."]
[Black "Doncea, V."]
[Result "1-0"]
[WhiteElo "2350"]
[BlackElo "2200"]
[PlyCount "65"]
[EventDate "2003.??.??"]

1. e4 c5 2. Nf3 e6 3. d4 cxd4 4. Nxd4 Nf6 5. Nc3 Nc6 6. Ndb5 Bb4 7. a3 Bxc3+ 8.
Nxc3 d5 9. exd5 exd5 10. Qe2+ Be6 11. Bg5 h6 12. Bh4 g5 13. Bg3 a6 14. O-O-O b5
15. h4 g4 16. Be5 Nxe5 17. Qxe5 Ke7 18. g3 Qd6 19. Qxd6+ Kxd6 20. Bg2 Rac8 21.
Rd4 Rc4 22. Rd2 Rhc8 23. Nd1 Ne4 24. Bxe4 Rxe4 25. Nc3 Rec4 26. Rhd1 Ke7 27.
Re2 Kd6 28. Red2 Ke7 29. Kb1 R8c5 30. Re1 Kf6 31. Nd1 d4 32. b3 Rxc2 33. Rxe6+
1-0

[Event "EYb18, Budva YUG"]
[Site "?"]
[Date "2003.??.??"]
[Round "8"]
[White "Kalata, P."]
[Black "Niemi, K."]
[Result "0-1"]
[WhiteElo "2255"]
[BlackElo "2105"]
[PlyCount "74"]
[EventDate "2003.??.??"]

1. e4 c5 2. Nf3 Nc6 3. d4 cxd4 4. Nxd4 Nf6 5. Nc3 e5 6. Ndb5 d6 7. Bg5 a6 8.
Na3 b5 9. Bxf6 gxf6 10. Nd5 f5 11. Bd3 Be6 12. Qh5 Rg8 13. g3 Rg5 14. Qxh7 Bxd5
15. exd5 Ne7 16. f4 Rg6 17. Qh5 e4 18. Bf1 Qa5+ 19. c3 Bg7 20. Nc2 Rc8 21. Kf2
Qb6+ 22. Kg2 Rc5 23. Rd1 Nxd5 24. Rxd5 Rxd5 25. Qe2 Bh6 26. Ne3 Rd3 27. Nxf5
Qb7 28. Qe1 Rd5 29. Qxe4+ Kf8 30. Kh3 Bxf4 31. Be2 Re6 32. Qf3 Rxe2 33. gxf4
Red2 34. Qh5 Rxf5 35. Qxf5 Qxh1 36. Qc8+ Ke7 37. Qb7+ Qxb7 0-1

[Event "EYb18, Budva YUG"]
[Site "?"]
[Date "2003.??.??"]
[Round "8"]
[White "Lain, L."]
[Black "Ristic, Neb2"]
[Result "1-0"]
[WhiteElo "2260"]
[BlackElo "2170"]
[PlyCount "72"]
[EventDate "2003.??.??"]

1. d4 d5 2. c4 e6 3. Nc3 Nf6 4. Bg5 Be7 5. e3 O-O 6. Nf3 h6 7. Bf4 a6 8. Rc1
Nbd7 9. cxd5 exd5 10. Bd3 c5 11. dxc5 Nxc5 12. Bb1 Ne6 13. Be5 b5 14. O-O Bb7
15. Qd3 Re8 16. Rfd1 Qb6 17. Nh4 Nf8 18. Nf5 Bb4 19. Bd4 Qe6 20. Nxb5 axb5 21.
Qxb5 Ne4 22. Nxg7 Qa6 23. Qxb4 Rec8 24. Nf5 Qe2 25. f3 Rxc1 26. Rxc1 Rc8 27.
Qe1 Rxc1 28. Qxc1 Qf2+ 29. Kh1 Ne6 30. fxe4 dxe4 31. Nxh6+ Kh7 32. Ng4 Qf5 33.
Nf6+ Kg6 34. Bc3 Ng5 35. Qd1 Nf3 36. Qxf3 exf3 1-0

[Event "EYb18, Budva YUG"]
[Site "?"]
[Date "2003.??.??"]
[Round "9"]
[White "Zhigalko, A."]
[Black "Tallaksen, G."]
[Result "1/2-1/2"]
[WhiteElo "2465"]
[BlackElo "2285"]
[PlyCount "87"]
[EventDate "2003.??.??"]

1. e4 e5 2. Nf3 Nc6 3. Bb5 a6 4. Ba4 Nf6 5. O-O Be7 6. Re1 b5 7. Bb3 d6 8. c3
O-O 9. h3 Nb8 10. d4 Nbd7 11. Nbd2 Bb7 12. Bc2 Re8 13. Nf1 Bf8 14. Ng3 g6 15.
b3 c6 16. Bg5 h6 17. Be3 Qc7 18. a4 Bg7 19. Qd2 Kh7 20. dxe5 dxe5 21. Nh2 Nf8
22. f3 Ne6 23. Qf2 Bf8 24. Ng4 Ng8 25. Red1 h5 26. Nh2 Rad8 27. Nhf1 Nf6 28.
Ne2 Rd7 29. g4 Red8 30. Rxd7 Rxd7 31. Kg2 Bh6 32. Bb6 Qc8 33. b4 Nf4+ 34. Nxf4
Bxf4 35. Re1 Kg7 36. Ng3 Qh8 37. Rd1 Qh6 38. Nf1 Rxd1 39. Bxd1 Nh7 40. Qh4 Bg5
41. Qg3 Bf4 42. Qh4 Bg5 43. Qg3 Bf4 44. Qh4 1/2-1/2

[Event "EYb18, Budva YUG"]
[Site "?"]
[Date "2003.??.??"]
[Round "9"]
[White "Pakleza, Z."]
[Black "Bartel, Mat"]
[Result "1/2-1/2"]
[WhiteElo "2340"]
[BlackElo "2450"]
[PlyCount "250"]
[EventDate "2003.??.??"]

1. Nf3 f5 2. d4 g6 3. c4 Bg7 4. Nc3 Nf6 5. e3 O-O 6. Be2 d6 7. b4 Qe8 8. O-O
Kh8 9. Bb2 c6 10. b5 Be6 11. a4 Bg8 12. a5 cxb5 13. Nxb5 Qd8 14. Qa4 Ne4 15.
Nc3 Nxc3 16. Bxc3 Qc7 17. Rfc1 Nd7 18. c5 dxc5 19. dxc5 e5 20. Bb4 Rf6 21. a6
Bd5 22. Bb5 Bc6 23. axb7 Qxb7 24. Ba6 Qb8 25. Qa5 f4 26. exf4 Rxf4 27. Rab1 Qd8
28. Qxd8+ Rxd8 29. Ng5 Re8 30. Bc4 h6 31. Nf7+ Kh7 32. Bd2 Rf6 33. Nd6 Rd8 34.
Be3 Bf8 35. Ra1 Nxc5 36. Nf7 Re8 37. Rxa7 Nb7 38. h4 Re7 39. g4 Bf3 40. Nxh6
Bxh6 41. Bxh6 Rc6 42. Bb5 Rb6 43. Bg5 Rf7 44. Bc4 Rd7 45. Be3 Rc6 46. Kh2 Rdc7
47. Kg3 Bxg4 48. Bd5 Rxc1 49. Bxc1 Bc8 50. Be3 Rg7 51. Bg5 Nd6 52. Ra5 Nf5+ 53.
Kh2 Rc7 54. Bf6 Nh6 55. f3 Nf7 56. Kg3 Rd7 57. Be4 Bb7 58. Bb1 Rd1 59. Rb5 Nd6
60. Rb6 Bc8 61. Bxe5 Nf5+ 62. Kf4 Nxh4 63. Be4 Nf5 64. Rb8 Rd8 65. Rb1 Ng7 66.
Rh1+ Kg8 67. Bxg6 Rf8+ 68. Kg3 Bf5 69. Bxf5 Nxf5+ 70. Kf2 Kf7 71. f4 Ra8 72.
Rb1 Ke6 73. Rb3 Rg8 74. Ra3 Kd5 75. Ra5+ Ke4 76. Bc7 Rc8 77. Ra4+ Kd5 78. Be5
Rg8 79. Bf6 Rc8 80. Kf3 Rc4 81. Ra5+ Rc5 82. Ra1 Ke6 83. Ra6+ Kd5 84. Be5 Rc6
85. Ra8 Rc1 86. Kg4 Ne3+ 87. Kg5 Rg1+ 88. Kf6 Ng4+ 89. Ke7 Rb1 90. Ra5+ Ke4 91.
Ke6 Rb6+ 92. Bd6 Rxd6+ 93. Kxd6 Kxf4 94. Ke6 Ne3 95. Ra4+ Kg3 96. Ke5 Ng4+ 97.
Ke4 Nf2+ 98. Kf5 Kf3 99. Ra3+ Ke2 100. Kf4 Nd3+ 101. Ke4 Nf2+ 102. Kd4 Ng4 103.
Rg3 Nf2 104. Re3+ Kf1 105. Re8 Kg2 106. Ke3 Nd1+ 107. Ke2 Nc3+ 108. Kd3 Nd5
109. Re5 Nf4+ 110. Ke3 Nh3 111. Re8 Kg3 112. Rg8+ Kh4 113. Ke4 Kh5 114. Kf5 Kh4
115. Rg4+ Kh5 116. Ra4 Ng5 117. Ra8 Kh6 118. Ra1 Nh7 119. Ra6+ Kg7 120. Ra7+
Kh6 121. Ra6+ Kg7 122. Rb6 Nf8 123. Rb7+ Kh6 124. Rb8 Kg7 125. Rb6 Nh7 1/2-1/2

[Event "EYb18, Budva YUG"]
[Site "?"]
[Date "2003.??.??"]
[Round "9"]
[White "Kharitonov, Alexa"]
[Black "Jakymov, V."]
[Result "1-0"]
[WhiteElo "2435"]
[BlackElo "2360"]
[PlyCount "86"]
[EventDate "2003.??.??"]

1. d4 d5 2. c4 e6 3. Nf3 c5 4. e3 Nf6 5. a3 cxd4 6. exd4 Be7 7. Nc3 O-O 8. Bg5
Nc6 9. Bd3 dxc4 10. Bxc4 b6 11. O-O Bb7 12. Qd3 Rc8 13. Rad1 Na5 14. Ba2 Nd5
15. Bxe7 Qxe7 16. Nxd5 Bxd5 17. Bxd5 exd5 18. Rfe1 Qd6 19. Ne5 f6 20. Ng4 Nc4
21. Re2 Rfe8 22. Ne3 b5 23. g3 Re4 24. Rde1 Rce8 25. Nxd5 Rxe2 26. Rxe2 Rxe2
27. Qxe2 Kf8 28. Nc3 a6 29. a4 Qb4 30. axb5 axb5 31. Nd5 Qd6 32. Nf4 g5 33. b3
gxf4 34. bxc4 b4 35. Qd3 fxg3 36. hxg3 Qe7 37. d5 Qe1+ 38. Kg2 Qc3 39. Qe4 Qe5
40. Qxh7 b3 41. Qb7 b2 42. d6 Qe4+ 43. Kh2 b1=Q 1-0

[Event "EYb18, Budva YUG"]
[Site "?"]
[Date "2003.??.??"]
[Round "9"]
[White "Smeets, J."]
[Black "Esen, B."]
[Result "1-0"]
[WhiteElo "2475"]
[BlackElo "2215"]
[PlyCount "69"]
[EventDate "2003.??.??"]

1. e4 c5 2. Nf3 d6 3. d4 cxd4 4. Nxd4 Nf6 5. Nc3 Nc6 6. f3 Qb6 7. Nb3 e6 8. Qe2
a6 9. Be3 Qc7 10. g4 b5 11. O-O-O Ne5 12. g5 Nfd7 13. f4 Nc4 14. Bd4 Ndb6 15.
Bg2 Bb7 16. Nd5 exd5 17. exd5+ Be7 18. Bxg7 Rg8 19. Bf6 Kd8 20. Bd4 Nxd5 21.
Qe4 f5 22. gxf6 Rxg2 23. Qxg2 Nxf6 24. Qg7 Ne8 25. Qxh7 Bxh1 26. Rxh1 a5 27.
Rd1 Rc8 28. Bh8 Qd7 29. Re1 Nf6 30. Qf7 Ne5 31. fxe5 Qf5 32. Nd4 Qf4+ 33. Kb1
Qd2 34. Rc1 Ne4 35. Bf6 1-0

[Event "EYb18, Budva YUG"]
[Site "?"]
[Date "2003.??.??"]
[Round "9"]
[White "Laznicka, V."]
[Black "Karakehajov, K."]
[Result "1/2-1/2"]
[WhiteElo "2445"]
[BlackElo "2330"]
[PlyCount "46"]
[EventDate "2003.??.??"]

1. e4 e5 2. Nf3 Nc6 3. Bb5 a6 4. Ba4 Nf6 5. O-O Be7 6. Re1 b5 7. Bb3 O-O 8. d4
d6 9. c3 Bg4 10. d5 Na5 11. Bc2 c6 12. h3 Bc8 13. dxc6 Qc7 14. Nbd2 Qxc6 15.
Nf1 Re8 16. a4 h6 17. Ng3 Bf8 18. Qe2 Be6 19. Bd3 bxa4 20. Be3 Reb8 21. Rac1
Bc4 22. Rc2 Bb3 23. Rcc1 Bc4 1/2-1/2

[Event "EYb18, Budva YUG"]
[Site "?"]
[Date "2003.??.??"]
[Round "9"]
[White "Gasthofer, A."]
[Black "Meszaros, T."]
[Result "0-1"]
[WhiteElo "2410"]
[BlackElo "2305"]
[PlyCount "78"]
[EventDate "2003.??.??"]

1. Nf3 Nf6 2. c4 e6 3. g3 d5 4. Bg2 Be7 5. O-O O-O 6. d4 dxc4 7. Ne5 Nc6 8.
Bxc6 bxc6 9. Nxc6 Qe8 10. Nxe7+ Qxe7 11. Qa4 e5 12. dxe5 Qxe5 13. Qxc4 Be6 14.
Qd3 Rfe8 15. Nc3 Rad8 16. Qe3 Qa5 17. Qg5 Nd5 18. e4 f6 19. Qh5 Bf7 20. Qf3
Nxc3 21. bxc3 Bg6 22. Re1 Qa4 23. Be3 Bxe4 24. Qf4 Qc6 25. g4 h5 26. h3 hxg4
27. Qxg4 Kf7 28. Bd4 Rd5 29. h4 Bf3 30. Qf4 Rh8 31. Re3 Rg5+ 32. Kf1 Qc4+ 33.
Ke1 Rg1+ 34. Kd2 Rxa1 35. Re7+ Kf8 36. Qxc7 Rd1+ 37. Ke3 Qe2+ 38. Kf4 Rxh4+ 39.
Kf5 Bg4+ 0-1

[Event "EYb18, Budva YUG"]
[Site "?"]
[Date "2003.??.??"]
[Round "9"]
[White "Seifert, V."]
[Black "Tronenkovs, V."]
[Result "1/2-1/2"]
[WhiteElo "2370"]
[BlackElo "2215"]
[PlyCount "54"]
[EventDate "2003.??.??"]

1. d4 Nf6 2. c4 e6 3. Nc3 Bb4 4. Qc2 d5 5. a3 Bxc3+ 6. Qxc3 Ne4 7. Qc2 O-O 8.
Nf3 Nd7 9. e3 Ndf6 10. Bd3 b6 11. cxd5 exd5 12. b3 Bb7 13. Bb2 c5 14. O-O Rc8
15. Qe2 Nd6 16. Ne5 Nfe4 17. dxc5 bxc5 18. Qg4 f6 19. Nf3 Qe8 20. Bxe4 Nxe4 21.
Rfd1 h5 22. Qf5 g6 23. Qh3 Rd8 24. g3 Qc6 25. Nh4 Kf7 26. f3 Ng5 27. Qf1 Ba6
1/2-1/2

[Event "EYb18, Budva YUG"]
[Site "?"]
[Date "2003.??.??"]
[Round "9"]
[White "Woodward, T."]
[Black "Krivokapic, M."]
[Result "1/2-1/2"]
[WhiteElo "2285"]
[BlackElo "2310"]
[PlyCount "37"]
[EventDate "2003.??.??"]

1. d4 d5 2. c4 dxc4 3. Nf3 Nf6 4. Nc3 c5 5. d5 e6 6. e4 a6 7. d6 Nc6 8. e5 Nd7
9. Bf4 h6 10. h4 b5 11. h5 Bb7 12. Be2 Qb6 13. O-O O-O-O 14. a4 b4 15. Nb1 f6
16. Nbd2 Na5 17. Nxc4 Nxc4 18. Bxc4 fxe5 19. Bg3 1/2-1/2

[Event "EYb18, Budva YUG"]
[Site "?"]
[Date "2003.??.??"]
[Round "9"]
[White "L'Ami, E."]
[Black "Lain, L."]
[Result "1-0"]
[WhiteElo "2435"]
[BlackElo "2260"]
[PlyCount "59"]
[EventDate "2003.??.??"]

1. e4 e5 2. Nf3 Nc6 3. Bb5 a6 4. Ba4 Nf6 5. O-O b5 6. Bb3 Be7 7. Re1 d6 8. c3
Bg4 9. d3 Na5 10. Bc2 c5 11. h3 Bxf3 12. Qxf3 O-O 13. Nd2 Ne8 14. Nf1 Bg5 15.
Ne3 Nc6 16. a4 b4 17. Bb3 Rb8 18. Bc4 Qa5 19. Bd2 g6 20. Bd5 Qc7 21. Bxc6 Qxc6
22. Nd5 Bd8 23. cxb4 Nc7 24. Nxc7 Qxc7 25. Rac1 Be7 26. Rc4 Rfd8 27. Be3 f5 28.
exf5 d5 29. Rg4 Rxb4 30. fxg6 1-0

[Event "EYb18, Budva YUG"]
[Site "?"]
[Date "2003.??.??"]
[Round "9"]
[White "Niemi, K."]
[Black "Miljkovic, Mir"]
[Result "0-1"]
[WhiteElo "2105"]
[BlackElo "2410"]
[PlyCount "60"]
[EventDate "2003.??.??"]

1. e4 c5 2. Nf3 Nc6 3. d4 cxd4 4. Nxd4 Nf6 5. Nc3 e5 6. Ndb5 d6 7. Bg5 a6 8.
Na3 b5 9. Bxf6 gxf6 10. Nd5 f5 11. Bd3 Be6 12. O-O Bxd5 13. exd5 Ne7 14. c3 Bg7
15. Qh5 e4 16. Bc2 O-O 17. Rae1 Qc8 18. Kh1 Rb8 19. g4 b4 20. cxb4 Bxb2 21.
gxf5 Kh8 22. Rxe4 Nxd5 23. Rh4 Nf6 24. Qh6 Qc6+ 25. f3 Qc3 26. Rc4 Qxa3 27. Bb3
Rg8 28. Rd1 Rxb4 29. Rcd4 Bxd4 30. Rxd4 Ne8 0-1

[Event "EYb18, Budva YUG"]
[Site "?"]
[Date "2003.??.??"]
[Round "9"]
[White "Cornette, M."]
[Black "Nemeth, Mi"]
[Result "1-0"]
[WhiteElo "2365"]
[BlackElo "2285"]
[PlyCount "87"]
[EventDate "2003.??.??"]

1. e4 e5 2. Nf3 Nc6 3. Nc3 Nf6 4. d4 exd4 5. Nd5 Be7 6. Bc4 O-O 7. O-O d6 8.
Nxd4 Nxd5 9. exd5 Nxd4 10. Qxd4 Bf6 11. Qd3 Re8 12. c3 Bg4 13. Be3 Qc8 14. Rfe1
a6 15. a4 Qd7 16. a5 Re7 17. Bb3 Bf5 18. Qd1 Be4 19. Ba4 Qc8 20. f3 Bg6 21. Qb3
c6 22. Qb6 cxd5 23. Rad1 Be5 24. Bf2 Qf5 25. Bg3 h5 26. f4 h4 27. fxe5 hxg3 28.
exd6 Rxe1+ 29. Rxe1 gxh2+ 30. Kh1 Qg4 31. d7 Be4 32. d8=Q+ Rxd8 33. Qxd8+ Kh7
34. Rxe4 Qxe4 35. Qe8 Qf4 36. Bc2+ g6 37. Qe1 f5 38. g3 Qc7 39. Kxh2 Qxa5 40.
Qe7+ Kh6 41. Qf8+ Kh7 42. Qf7+ Kh6 43. Qg8 Kg5 44. Qh8 1-0

[Event "EYb18, Budva YUG"]
[Site "?"]
[Date "2003.??.??"]
[Round "9"]
[White "Semcesen, D."]
[Black "Barnaure, V."]
[Result "0-1"]
[WhiteElo "2230"]
[BlackElo "2315"]
[PlyCount "100"]
[EventDate "2003.??.??"]

1. e4 c6 2. d3 d5 3. Nd2 g6 4. g3 Bg7 5. Bg2 e5 6. Ngf3 Ne7 7. O-O Qc7 8. c3
O-O 9. b4 h6 10. Bb2 Be6 11. Re1 Nd7 12. Qc2 a5 13. a3 dxe4 14. dxe4 c5 15. b5
c4 16. a4 Nc8 17. Nf1 Ncb6 18. Bc1 Nc5 19. Be3 Rfd8 20. Bxc5 Qxc5 21. Ne3 Rd6
22. h4 Rad8 23. Bf1 h5 24. Be2 Bh6 25. Nf1 f6 26. Kg2 Kf7 27. Red1 Ke7 28. Qa2
Rxd1 29. Bxd1 Nc8 30. Bc2 b6 31. Qa3 Qxa3 32. Rxa3 Nd6 33. Ra1 Nb7 34. Ng1 Nc5
35. f3 f5 36. exf5 Bxf5 37. Bxf5 gxf5 38. Ne2 Kf6 39. Kg1 Rd3 40. Kf2 Ke6 41.
Kg2 Bf8 42. f4 Nb3 43. Ra2 e4 44. Kf2 Bc5+ 45. Ke1 Kd5 46. Rc2 e3 47. Ra2 Be7
48. Rc2 Bf6 49. Nh2 Ke4 50. Nf1 Nc5 0-1

[Event "EYb18, Budva YUG"]
[Site "?"]
[Date "2003.??.??"]
[Round "9"]
[White "Doncea, V."]
[Black "Pedersen, C."]
[Result "0-1"]
[WhiteElo "2200"]
[BlackElo "2270"]
[PlyCount "74"]
[EventDate "2003.??.??"]

1. d4 Nf6 2. c4 g6 3. Nf3 Bg7 4. b4 d6 5. Bb2 O-O 6. e3 e5 7. dxe5 Nfd7 8. Nc3
Nxe5 9. Nxe5 Bxe5 10. Be2 a5 11. b5 Nd7 12. Na4 Qh4 13. g3 Qf6 14. Bxe5 Nxe5
15. Rc1 Bh3 16. f4 Nd7 17. Bg4 Bxg4 18. Qxg4 Qe7 19. Qf3 Rfe8 20. Kf2 Nf6 21.
Rhe1 Ne4+ 22. Kg2 Qf6 23. Red1 Re6 24. Rd4 Rae8 25. Nc3 Nc5 26. Nd5 Qg7 27. Re1
f5 28. g4 fxg4 29. Qxg4 c6 30. bxc6 bxc6 31. f5 Re4 32. Rxe4 Rxe4 33. Qd1 cxd5
34. Qxd5+ Qf7 35. Qxd6 Qxf5 36. Qd8+ Kg7 37. h3 Ne6 0-1

[Event "EYb18, Budva YUG"]
[Site "?"]
[Date "2003.??.??"]
[Round "9"]
[White "Aksentijevic, M."]
[Black "Kalata, P."]
[Result "1/2-1/2"]
[WhiteElo "2175"]
[BlackElo "2255"]
[PlyCount "36"]
[EventDate "2003.??.??"]

1. e4 c5 2. Nf3 d6 3. d4 cxd4 4. Nxd4 Nf6 5. Nc3 a6 6. Be3 Ng4 7. Bc1 Nf6 8.
Be3 Ng4 9. Bc1 Nf6 10. Be3 e5 11. Nb3 Be6 12. f3 Nbd7 13. g4 b5 14. g5 b4 15.
Nd5 Nxd5 16. exd5 Bf5 17. Bd3 Bxd3 18. Qxd3 Be7 1/2-1/2

[Event "EYb16, Budva YUG"]
[Site "?"]
[Date "2003.??.??"]
[Round "1"]
[White "Czarnota, P."]
[Black "Mikkelsen, N."]
[Result "1-0"]
[WhiteElo "2350"]
[BlackElo "2100"]
[PlyCount "65"]
[EventDate "2003.??.??"]

1. e4 c5 2. Nf3 d6 3. d4 cxd4 4. Nxd4 Nf6 5. Nc3 a6 6. Be2 e6 7. O-O b5 8. Bf3
b4 9. e5 d5 10. exf6 bxc3 11. fxg7 Bxg7 12. bxc3 O-O 13. c4 Ra7 14. cxd5 e5 15.
Nb3 e4 16. Bxe4 Bxa1 17. Nxa1 f5 18. Bf3 Rd7 19. Nb3 Qf6 20. Nc5 Rdd8 21. Nd3
Bb7 22. Bb2 Qb6 23. c4 Nd7 24. Qc1 Rc8 25. Nf4 Qh6 26. Qc3 Nf6 27. Bc1 Rf7 28.
Nh5 Qg6 29. Bb2 Rcf8 30. c5 h6 31. c6 Ba8 32. Qe5 Kh7 33. Nf4 1-0

[Event "EYb16, Budva YUG"]
[Site "?"]
[Date "2003.??.??"]
[Round "1"]
[White "Balogh, C."]
[Black "Teitelbaums, A."]
[Result "1-0"]
[WhiteElo "2460"]
[BlackElo "2170"]
[PlyCount "115"]
[EventDate "2003.??.??"]

1. e4 c5 2. Nf3 e6 3. d4 cxd4 4. Nxd4 a6 5. Be2 Nf6 6. Nc3 Bb4 7. O-O Qc7 8.
Bg5 Bxc3 9. Bxf6 gxf6 10. bxc3 Qxc3 11. Rb1 Nc6 12. Nxc6 Qxc6 13. Qd4 e5 14.
Qe3 d6 15. Rb6 Qc5 16. Qxc5 dxc5 17. Bc4 O-O 18. Rxf6 b5 19. Bd5 Ra7 20. Re1
Kg7 21. Rc6 c4 22. Re3 f6 23. Rg3+ Kh6 24. Ra3 Re7 25. Rb6 Rc7 26. Rb8 Kg7 27.
h3 Re7 28. Rg3+ Kh6 29. Kf1 Rfe8 30. Rb6 Rf8 31. Rf3 Kg7 32. Ke1 f5 33. Rg3+
Kh8 34. exf5 Bxf5 35. Rf6 Ree8 36. Rxf8+ Rxf8 37. Rf3 Kg7 38. Kd2 Rd8 39. Rxf5
Rxd5+ 40. Kc3 Kg6 41. g4 Rd4 42. Rxe5 Rf4 43. Rf5 Re4 44. f3 Re3+ 45. Kb2 Re2
46. h4 Re3 47. h5+ Kg7 48. g5 Re2 49. f4 Re6 50. h6+ Kg6 51. Rf8 Rd6 52. Kc3 a5
53. Rb8 b4+ 54. Kxc4 Rc6+ 55. Kb3 Rc3+ 56. Kb2 Rc5 57. Rg8+ Kf5 58. g6 1-0

[Event "EYb16, Budva YUG"]
[Site "?"]
[Date "2003.??.??"]
[Round "1"]
[White "Jurcik, Mari"]
[Black "Romanov, E."]
[Result "1/2-1/2"]
[WhiteElo "2160"]
[BlackElo "2405"]
[PlyCount "85"]
[EventDate "2003.??.??"]

1. e4 e5 2. Nf3 Nc6 3. Bb5 g6 4. d4 exd4 5. Nxd4 Bg7 6. Be3 Nf6 7. Nc3 O-O 8.
O-O Ne7 9. Nb3 c6 10. Be2 d5 11. exd5 Nfxd5 12. Nxd5 Nxd5 13. Bd4 Bxd4 14. Qxd4
Bf5 15. Bd3 Qg5 16. Bxf5 Qxf5 17. Qc4 Qf6 18. Qd4 Qg5 19. g3 Rfe8 20. Rfe1 Qf5
21. c3 Nf6 22. Rad1 Ng4 23. Kg2 Rad8 24. Qc5 Qxc5 25. Nxc5 b6 26. Nb3 Kf8 27.
h3 Nf6 28. Nd4 c5 29. Nf3 Rxd1 30. Rxd1 Re2 31. Rd2 Rxd2 32. Nxd2 Ke7 33. Kf3
Nd7 34. Kf4 h6 35. Nc4 Ke6 36. Ke4 f5+ 37. Kd3 b5 38. Ne3 Ne5+ 39. Ke2 a5 40.
f4 Nc6 41. Kd3 c4+ 42. Kd2 h5 43. a4 1/2-1/2

[Event "EYb16, Budva YUG"]
[Site "?"]
[Date "2003.??.??"]
[Round "1"]
[White "Ramesa, D."]
[Black "Pokazanjev, N."]
[Result "0-1"]
[WhiteElo "2155"]
[BlackElo "2380"]
[PlyCount "76"]
[EventDate "2003.??.??"]

1. c4 Nf6 2. Nc3 g6 3. d4 Bg7 4. e3 O-O 5. Bd3 c5 6. Nge2 d6 7. O-O Nc6 8. b3
Ng4 9. Bc2 f5 10. d5 Nb4 11. f3 Ne5 12. f4 Nd7 13. Bb2 b5 14. Bb1 bxc4 15. bxc4
Nb6 16. a3 Nxc4 17. axb4 cxb4 18. Qb3 bxc3 19. Bxc3 Nd2 20. Bxd2 Bxa1 21. Bxf5
Bxf5 22. Rxa1 Qb6 23. Qd1 Bg4 24. h3 Bxe2 25. Qxe2 Rxf4 26. Kh2 Rf7 27. Ra4 Qb2
28. Rd4 Raf8 29. Qg4 Rf2 30. Be1 Rf1 31. Rd1 R8f5 32. e4 Rf8 33. Bd2 Rxd1 34.
Qxd1 Ra8 35. Qe1 Kf8 36. Bh6+ Ke8 37. e5 dxe5 38. d6 exd6 0-1